00615nam a2200169 a 450000100100000000500170001000800410002702000150006804000250008310000400010824500730014826000660022130000270028704900090031495201050032399900170042800003413920200930070816.0110926s2005 cu a 000 0 spa d a9591009828 aDO-SdBNPbspacBNPHU1 aNeira Betancurt, Lino Arturo95955613aLa percusión en la música cubana /cLino Arturo Neira Betancurt. aLa Habana :bLetra CubanabInstituto Cubano del Libro,c2005. a97 p. :bil. ;c22 cm. aBNPD 001050718MOaGRbGRcCTd2011-09-26iLF1l0o p34139-10r2020-06-25w2020-06-25y1ZNo se presta c33630d33630